<?xml version="1.0" encoding="UTF-8"?><?xml-stylesheet type="text/xsl" href="static/style.xsl"?><OAI-PMH xmlns="http://www.openarchives.org/OAI/2.0/" xmlns:xsi="http://www.w3.org/2001/XMLSchema-instance" xsi:schemaLocation="http://www.openarchives.org/OAI/2.0/ http://www.openarchives.org/OAI/2.0/OAI-PMH.xsd"><responseDate>2026-04-13T04:52:46Z</responseDate><request verb="GetRecord" identifier="oai:www.recercat.cat:10459.1/48825" metadataPrefix="marc">https://recercat.cat/oai/request</request><GetRecord><record><header><identifier>oai:recercat.cat:10459.1/48825</identifier><datestamp>2024-12-05T21:20:40Z</datestamp><setSpec>com_2072_3622</setSpec><setSpec>col_2072_479130</setSpec></header><metadata><record xmlns="http://www.loc.gov/MARC21/slim" xmlns:dcterms="http://purl.org/dc/terms/" xmlns:xsi="http://www.w3.org/2001/XMLSchema-instance" xmlns:doc="http://www.lyncode.com/xoai" xsi:schemaLocation="http://www.loc.gov/MARC21/slim http://www.loc.gov/standards/marcxml/schema/MARC21slim.xsd">
   <leader>00925njm 22002777a 4500</leader>
   <datafield ind2=" " ind1=" " tag="042">
      <subfield code="a">dc</subfield>
   </datafield>
   <datafield ind2=" " ind1=" " tag="720">
      <subfield code="a">Feixa, Carles</subfield>
      <subfield code="e">author</subfield>
   </datafield>
   <datafield ind2=" " ind1=" " tag="260">
      <subfield code="c">2015-10-16T15:31:26Z</subfield>
   </datafield>
   <datafield ind2=" " ind1=" " tag="260">
      <subfield code="c">2015-10-16T15:31:26Z</subfield>
   </datafield>
   <datafield ind2=" " ind1=" " tag="260">
      <subfield code="c">2013</subfield>
   </datafield>
   <datafield ind2=" " ind1=" " tag="520">
      <subfield code="a">El artículo analiza las experiencias migratorias y las transiciones en&#xd;
el sistema educativo y en el mercado laboral de un grupo de jóvenes inmigrados, en la ciudad de&#xd;
Lleida (Cataluña, España). La principal técnica de investigación fueron diez entrevistas orales a&#xd;
jóvenes inmigrados de distintas nacionalidades, complementadas por la observación y por entrevistas&#xd;
a profesores. Para los jóvenes, la escuela se convirtió en la principal institución de aprendizaje&#xd;
y reconstrucción de las relaciones de amistad y convivencia grupal en el país de acogida, pero&#xd;
los jóvenes inmigrados enfrentan problemas para llevar a cabo las transiciones laborales, causados&#xd;
por las restricciones legales a la inmigración, prejuicios raciales, precarización de las relaciones de&#xd;
trabajo y elevadas tasas de desempleo. Finalizamos esta investigación concluyendo que los sueños&#xd;
de estos jóvenes coinciden con los sueños de sus familiares adultos y de la mayoría de sus coetáneos:&#xd;
poder construir un proyecto de vida autónomo.</subfield>
   </datafield>
   <datafield ind1="8" ind2=" " tag="024">
      <subfield code="a">http://hdl.handle.net/10459.1/48825</subfield>
   </datafield>
   <datafield tag="653" ind2=" " ind1=" ">
      <subfield code="a">Joventut</subfield>
   </datafield>
   <datafield tag="653" ind2=" " ind1=" ">
      <subfield code="a">Emigració i immigració</subfield>
   </datafield>
   <datafield tag="653" ind2=" " ind1=" ">
      <subfield code="a">Escoles</subfield>
   </datafield>
   <datafield tag="653" ind2=" " ind1=" ">
      <subfield code="a">Catalunya</subfield>
   </datafield>
   <datafield ind2="0" ind1="0" tag="245">
      <subfield code="a">Jóvenes inmigrados en Lleida-Cataluña, España: transiciones escolares y laborales en un contexto de crisis</subfield>
   </datafield>
</record></metadata></record></GetRecord></OAI-PMH>